Welcome to the Holygrace Academy Library

Please use search bar below to get started

GREAT EXPECTATIONS (Record no. 3013)

MARC details
000 -LEADER
fixed length control field 00581nam a22001457a 4500
020 ## - INTERNATIONAL STANDARD BOOK NUMBER
ISBN 978-0-14-036681-5
082 ## - DEWEY DECIMAL CLASSIFICATION NUMBER
Classification number 823
Item number DIC/G
100 ## - MAIN ENTRY--AUTHOR NAME
Personal name DICKENS, CHARLES
245 ## - TITLE STATEMENT
Title GREAT EXPECTATIONS
260 ## - PUBLICATION, DISTRIBUTION, ETC. (IMPRINT)
Place of publication UNITED KINGDOM
Name of publisher PUFFIN BOOKS
300 ## - PHYSICAL DESCRIPTION
Number of Pages 417
520 ## - SUMMARY, ETC.
Summary, etc Great Expectations follows the childhood and young adult years of Pip a blacksmith's apprentice in a country village. He suddenly comes into a large fortune (his great expectations) from a mysterious benefactor and moves to London where he enters high society.
650 ## - SUBJECT ADDED ENTRY--TOPICAL TERM
Topical Term NOVEL
Geographic subdivision UNITED KINGDOM
942 ## - ADDED ENTRY ELEMENTS (KOHA)
Koha item type Books
Holdings
Withdrawn status Lost status Collection code Home library Current library Shelving location Date acquired Source of acquisition Full call number Accession Number Koha item type
    Fiction Main Library Main Library SHELF-14D- ALPHABETICAL -D--ENGLISH NOVELS & FICTIONS 06/09/2012 purchase 823 DIC/G 05656 Books
Withdrawn Damaged Item Fiction Main Library Main Library   04/04/2006   823 DIC/G 02363 Books